000 00665nam a22002177a 4500
005 20170124110254.0
010 _aA-903221
020 _c00.00
035 _aA-903221
037 _bCen Lib/Ret
040 _aDPL
_bEN
082 _a158.1
_bBON
100 _aBonet, Joseph V
_9114892
245 _aBe a friend to yourself :
_cby Joseph V. Bonet
_ba handbook of self-esteem /
260 _aGujrat
_bGujrat Sahitya Prakashan
_c1996
270 _aPost Box 70 Anand
_bGujrat
_e388001
300 _axi,132p.
_c20cm(Hb)
650 _aSelf-Esteem vs Narcissim
_9114893
650 _aSelf-Esteem--Children
_9114894
942 _2ddc
_cEN
_h158.1
_mBON
999 _c136081
_d136081